|
|
|
|
| LEADER |
00000nam0a2200000 4500 |
| 001 |
40195 |
| 005 |
20231031012400.0 |
| 035 |
|
|
|a (RuTPU)RU\TPU\book\41218
|
| 090 |
|
|
|a 40195
|
| 100 |
|
|
|a 20020429d1976 k y0rusy50 ca
|
| 101 |
0 |
|
|a rus
|
| 102 |
|
|
|a RU
|
| 105 |
|
|
|a y z 001zy
|
| 200 |
1 |
|
|a Статистический последовательный анализ. Оптимальные правила остановки
|f А. Н. Ширяев
|
| 205 |
|
|
|a 2-е изд., перераб.
|
| 210 |
|
|
|a Москва
|c Наука
|d 1976
|
| 215 |
|
|
|a 272 с
|
| 225 |
1 |
|
|a Теория вероятностей и математическая статистика
|
| 320 |
|
|
|a Библиогр.: с. 264-269
|
| 610 |
1 |
|
|a математика
|
| 610 |
1 |
|
|a математическая статистика
|
| 610 |
1 |
|
|a последовательный анализ
|
| 610 |
1 |
|
|a случайные процессы
|
| 610 |
1 |
|
|a Марковские процессы
|
| 675 |
|
|
|a 519.2
|v 3
|
| 700 |
|
1 |
|a Ширяев
|b А. Н.
|g Альберт Николаевич
|
| 801 |
|
1 |
|a RU
|b 63413507
|c 20020429
|g PSBO
|
| 801 |
|
2 |
|a RU
|b 63413507
|c 20210524
|g PSBO
|
| 942 |
|
|
|c BK
|